Photographic printmaking techniques

I tiakina i:
Ngā taipitopito rārangi puna kōrero
Kaituhi matua: Sacilotto, Deli (Author)
Hōputu: Pukapuka
Reo:Ingarihi
I whakaputaina: Nueva York Watson-Guptill 1982
Ngā marau:
Ngā Tūtohu: Tāpirihia he Tūtohu
Kāore He Tūtohu, Me noho koe te mea tuatahi ki te tūtohu i tēnei pūkete!

MARC

LEADER 00000nam a2200000 a 4500
001 UCJ2274
003 CL-VaPUC
008 061207e19820000US |||||||||||||||||eng|d
020 |a 0823040062 
082 0 4 |a 686.232  |b SAC  |2 21 
100 0 |a Sacilotto, Deli  |e author  |9 503256 
245 1 0 |a Photographic printmaking techniques 
300 |a 215 p 
942 |c BK 
945 |d 20061207 00:00:00  |a cmena 
260 |a Nueva York  |b Watson-Guptill  |c 1982 
650 0 |a Fotografías  |9 268494 
650 7 |a IMPRESION DE FOTOGRAFIAS  |2 CL-VaPUC  |9 503257 
650 7 |a TECNICAS  |2 CL-VaPUC  |9 315860 
650 7 |a EQUIPO Y ACCESORIOS  |2 CL-VaPUC  |9 503258 
583 |a last modification  |c 20061207 00:00:00  |k Rodrigo Vera 
999 |c 318624  |d 318622 
952 |0 0  |1 0  |4 0  |6 686_232000000000000_SAC_1982  |7 0  |8 A  |9 396565  |a BIBARQ  |b BIBARQ  |d 2019-11-22  |i 4291999  |l 11  |m 1  |o 686.232 SAC 1982  |p 4291999  |q 2025-07-18  |r 2025-03-21  |s 2025-03-21  |w 2019-11-22  |y BK  |k ARQ